[Event "VI Obert Internacional Ciutat de Sabadel"]
[Site "Sabadell"]
[Date "2013.09.04"]
[Round "3"]
[White "Munoz Pantoja, Miguel"]
[Black "Gascon, Jose Rafael"]
[Result "1-0"]
[WhiteElo "2457"]
[BlackElo "2268"]
[PlyCount "39"]
[EventDate "2013.09.02"]
[EventRounds "9"]
[EventCountry "ESP"]

1. e4 c5 2. Nf3 d6 3. Bb5+ Nd7 4. d4 Ngf6 5. e5 Qa5+ 6. Nc3 Ne4 7. Rb1 a6 8.
Bxd7+ Bxd7 9. O-O Nxc3 10. bxc3 Qxc3 11. exd6 exd6 12. Re1+ Be7 13. Rb3 Qc4 14.
Rbe3 O-O-O 15. Rxe7 Qxa2 16. dxc5 dxc5 17. Qd6 g5 18. Bxg5 Rhg8 19. Bf4 Rxg2+
20. Kh1 1-0

[Event "VI Obert Internacional Ciutat de Sabadel"]
[Site "Sabadell"]
[Date "2013.09.04"]
[Round "3"]
[White "Salagran Ferragut, Guillem"]
[Black "Pulvett, Daniel"]
[Result "0-1"]
[WhiteElo "1995"]
[BlackElo "2441"]
[PlyCount "52"]
[EventDate "2013.09.02"]
[EventRounds "9"]
[EventCountry "ESP"]

1. e4 c5 2. Nf3 d6 3. c3 Nf6 4. Be2 Nbd7 5. d3 b6 6. O-O Bb7 7. Re1 e6 8. Bf1
Qc7 9. Nbd2 g5 10. Nxg5 Rg8 11. Ndf3 h6 12. Nh3 O-O-O 13. a4 a6 14. Kh1 d5 15.
e5 Ng4 16. d4 f6 17. exf6 Ndxf6 18. Bf4 Nxf2+ 19. Nxf2 Qxf4 20. Rxe6 Ne4 21.
Qe2 Bd6 22. Nh3 Qf5 23. Rxh6 Rde8 24. Qd3 Qxh3 25. Rxh3 Nf2+ 26. Kg1 Nxh3+ 0-1

[Event "VI Obert Internacional Ciutat de Sabadel"]
[Site "Sabadell"]
[Date "2013.09.04"]
[Round "3"]
[White "Vidarte Morales, Arturo"]
[Black "Moreno Ruiz, Javier"]
[Result "0-1"]
[WhiteElo "2337"]
[BlackElo "2469"]
[PlyCount "118"]
[EventDate "2013.09.02"]
[EventRounds "9"]
[EventCountry "ESP"]

1. d4 e6 2. c4 d5 3. Nf3 Nf6 4. Nc3 Bb4 5. cxd5 exd5 6. Bg5 Nbd7 7. Nd2 c6 8.
e3 O-O 9. Bd3 Re8 10. O-O Nf8 11. Qc2 Bd6 12. h3 Ng6 13. Rae1 h6 14. Bxf6 Qxf6
15. f4 Nh4 16. e4 Qxd4+ 17. Kh1 dxe4 18. Ncxe4 Bf5 19. Nb3 Qd5 20. g4 Bxe4+ 21.
Bxe4 Qb5 22. Qf2 Bb4 23. Qxh4 Rxe4 24. Rd1 Rae8 25. g5 Be7 26. Qh5 Bf6 27. Nd2
Rd4 28. Nf3 Rxf4 29. Rfe1 Rxe1+ 30. Rxe1 Bxg5 31. Re8+ Kh7 32. Nxg5+ Qxg5 33.
Qxg5 hxg5 34. Re7 Rb4 35. Rxf7 Rxb2 36. a4 Kg6 37. Rc7 a5 38. Kg1 Kf6 39. Kf1
Kf5 40. Rxg7 Kf4 41. Ke1 Rb4 42. Kf2 b5 43. Rf7+ Ke5 44. Rg7 Rxa4 45. Rxg5+ Kf6
46. Rh5 Rc4 47. Rh8 a4 48. Ra8 Rc3 49. Kg2 a3 50. h4 b4 51. Ra4 c5 52. Ra6+ Kg7
53. h5 c4 54. h6+ Kh7 55. Kf2 Rc2+ 56. Ke3 a2 57. Kf4 b3 58. Kg5 Rg2+ 59. Kh5
b2 0-1

[Event "VI Obert Internacional Ciutat de Sabadel"]
[Site "Sabadell"]
[Date "2013.09.04"]
[Round "3"]
[White "Kjartansson, Gudmundur"]
[Black "Uran Bermudez, Oliver Kevin"]
[Result "1-0"]
[WhiteElo "2434"]
[BlackElo "2092"]
[PlyCount "63"]
[EventDate "2013.09.02"]
[EventRounds "9"]
[EventCountry "ESP"]

1. d4 Nf6 2. c4 e6 3. g3 d5 4. Nf3 b6 5. Bg2 Ba6 6. cxd5 exd5 7. O-O Be7 8. Nc3
O-O 9. Bf4 Nbd7 10. Ne5 Bb7 11. Qa4 Nb8 12. Rac1 c6 13. e4 b5 14. Qb3 dxe4 15.
Nxe4 Qxd4 16. Rfd1 Qb6 17. Nd6 Bxd6 18. Rxd6 Na6 19. Rxf6 gxf6 20. Nd7 Qd8 21.
Nxf8 Qxf8 22. Bxc6 Bxc6 23. Rxc6 Nc5 24. Qxb5 Ne6 25. Be3 Rb8 26. Qc4 Qd8 27.
Qg4+ Kf8 28. Bh6+ Ke7 29. Qa4 Rb7 30. Rc1 Qd3 31. Rc8 Rxb2 32. Qe8+ 1-0

[Event "VI Obert Internacional Ciutat de Sabadel"]
[Site "Sabadell"]
[Date "2013.09.04"]
[Round "3"]
[White "Valdes Romero, Leonardo"]
[Black "Prats Rodriguez, Juan Bosco"]
[Result "1-0"]
[WhiteElo "2427"]
[BlackElo "2074"]
[PlyCount "45"]
[EventDate "2013.09.02"]
[EventRounds "9"]
[EventCountry "ESP"]

1. Nf3 c5 2. g3 Nc6 3. Bg2 e5 4. d3 g6 5. O-O Bg7 6. e4 d6 7. c3 Nge7 8. a3 a5
9. a4 O-O 10. Na3 Kh8 11. Nb5 Na7 12. Na3 Nac6 13. Nd2 f5 14. Ndc4 Ra6 15. Nb5
Na7 16. f4 Nxb5 17. axb5 Ra8 18. fxe5 dxe5 19. Be3 fxe4 20. Bxe4 Rxf1+ 21. Qxf1
Nd5 22. Bxd5 Qxd5 23. Nb6 1-0

[Event "VI Obert Internacional Ciutat de Sabadel"]
[Site "Sabadell"]
[Date "2013.09.04"]
[Round "3"]
[White "Jerez Perez, Alfonso"]
[Black "Pozanco Romasanta, Marc"]
[Result "1-0"]
[WhiteElo "2376"]
[BlackElo "2067"]
[PlyCount "77"]
[EventDate "2013.09.02"]
[EventRounds "9"]
[EventCountry "ESP"]

1. e4 d6 2. d4 g6 3. Nf3 Bg7 4. c3 Nf6 5. Bd3 O-O 6. O-O Nc6 7. h3 e5 8. dxe5
Nxe5 9. Bc2 b6 10. Nxe5 dxe5 11. Qf3 h6 12. a4 c5 13. c4 Be6 14. b3 Nd7 15. Nc3
Nb8 16. Rd1 Qh4 17. Rd6 Rd8 18. Rxd8+ Qxd8 19. Nd5 Nc6 20. Bb2 Nd4 21. Qd3 f5
22. Bxd4 cxd4 23. Qf3 Rc8 24. Bd3 f4 25. b4 Bf8 26. a5 bxa5 27. Rxa5 Bxb4 28.
Rxa7 Bc5 29. Ra6 Bf7 30. g3 Bd6 31. Kg2 Kg7 32. Ra7 Rc5 33. Qg4 h5 34. Qe6 Qf8
35. Rxf7+ Qxf7 36. Qxd6 fxg3 37. Qxe5+ Kh6 38. Qh8+ Kg5 39. f4+ 1-0

[Event "VI Obert Internacional Ciutat de Sabadel"]
[Site "Sabadell"]
[Date "2013.09.04"]
[Round "3"]
[White "Tardio Fran, Emilio"]
[Black "Diaz Velandia, Jose Manuel"]
[Result "0-1"]
[WhiteElo "1853"]
[BlackElo "2317"]
[PlyCount "98"]
[EventDate "2013.09.02"]
[EventRounds "9"]
[EventCountry "ESP"]

1. e4 c5 2. Nf3 Nc6 3. d4 cxd4 4. Nxd4 Nf6 5. Nc3 e5 6. Ndb5 d6 7. Nd5 Nxd5 8.
exd5 Nb8 9. c4 Be7 10. Be2 O-O 11. O-O a6 12. Nc3 f5 13. f4 Qb6+ 14. Kh1 e4 15.
Na4 Qc7 16. Be3 Nd7 17. Rc1 Nc5 18. Nc3 a5 19. Nb5 Qb6 20. b3 Bd7 21. Nd4 Bf6
22. Qd2 Qb4 23. Qd1 Qa3 24. Qd2 Qb4 25. Qd1 Rfe8 26. Nc2 Qc3 27. Bd4 Bxd4 28.
Nxd4 Qb2 29. Rc2 Qa3 30. Qd2 Na6 31. Rc3 Nb4 32. Ra1 e3 33. Qd1 Qb2 34. Rcc1
Re4 35. Nf3 Rxf4 36. a3 Na6 37. Rab1 Qxa3 38. g3 Re4 39. Bd3 Re7 40. Nd4 Rf8
41. Qf3 Qc5 42. Ne2 Nb4 43. Rd1 a4 44. bxa4 Bxa4 45. Nf4 Bxd1 46. Rxd1 Nxd3 47.
Rxd3 Qxc4 48. Rxe3 Rxe3 49. Qxe3 Qf1+ 0-1

[Event "VI Obert Internacional Ciutat de Sabadel"]
[Site "Sabadell"]
[Date "2013.09.04"]
[Round "3"]
[White "Gomez Jurado, Luis Alberto"]
[Black "Ortin Caballe, Juan Jose"]
[Result "0-1"]
[WhiteElo "2316"]
[BlackElo "1955"]
[PlyCount "70"]
[EventDate "2013.09.02"]
[EventRounds "9"]
[EventCountry "ESP"]

1. c4 e5 2. g3 Nf6 3. Bg2 Nc6 4. Nc3 Bb4 5. Nd5 Bc5 6. Nf3 d6 7. O-O O-O 8. d3
Nxd5 9. cxd5 Ne7 10. d4 exd4 11. Nxd4 Ng6 12. e4 Qf6 13. Nb3 Bb6 14. a4 a5 15.
Qc2 h5 16. Kh1 h4 17. f4 hxg3 18. hxg3 Nh4 19. Qc3 Qe7 20. e5 Nxg2 21. Kxg2
dxe5 22. Qxe5 Qb4 23. Nd2 Bg4 24. Qg5 f5 25. Re1 Qd4 26. Ne4 fxe4 27. Qxg4 Qf2+
28. Kh3 Qxe1 29. Qe6+ Kh7 30. Bd2 Qxa1 31. Qxe4+ Kg8 32. Bc3 Rae8 33. Be5 Qf1+
34. Kg4 Qd1+ 35. Kg5 c6 0-1

[Event "VI Obert Internacional Ciutat de Sabadel"]
[Site "Sabadell"]
[Date "2013.09.04"]
[Round "3"]
[White "Aryan, Chopra"]
[Black "Nadal Fajardo, Ricard"]
[Result "1/2-1/2"]
[WhiteElo "2189"]
[BlackElo "1962"]
[PlyCount "53"]
[EventDate "2013.09.02"]
[EventRounds "9"]
[EventCountry "ESP"]

1. e4 c6 2. d4 d5 3. Nc3 dxe4 4. Nxe4 Nf6 5. Nxf6+ exf6 6. c3 Bd6 7. Bd3 O-O 8.
Ne2 Re8 9. Qc2 h6 10. O-O Qc7 11. Ng3 c5 12. dxc5 Bxc5 13. Ne4 Nd7 14. Nxc5
Nxc5 15. Bh7+ Kh8 16. Be3 Ne6 17. Rad1 Bd7 18. Bf5 Bc6 19. Qc1 h5 20. Bb1 g6
21. f4 f5 22. c4 Rad8 23. Qc3+ Kg8 24. b4 Rxd1 25. Rxd1 Nxf4 26. Bxf4 Qxf4 27.
Rf1 1/2-1/2

[Event "VI Obert Internacional Ciutat de Sabadel"]
[Site "Sabadell"]
[Date "2013.09.04"]
[Round "3"]
[White "Saez Coma, Alejandro"]
[Black "Espinoza Palomino, Willyam"]
[Result "1/2-1/2"]
[WhiteElo "2017"]
[BlackElo "2355"]
[PlyCount "25"]
[EventDate "2013.09.02"]
[EventRounds "9"]
[EventCountry "ESP"]

1. d4 Nf6 2. Nf3 g6 3. c4 Bg7 4. Nc3 c5 5. g3 Nc6 6. Bg2 O-O 7. O-O d6 8. dxc5
dxc5 9. Be3 Nd7 10. Qd2 Qa5 11. Bh6 Nf6 12. Bxg7 Kxg7 13. Nd5 1/2-1/2

[Event "VI Obert Internacional Ciutat de Sabadel"]
[Site "Sabadell"]
[Date "2013.09.04"]
[Round "3"]
[White "Cardenas, Fernando Adrian"]
[Black "Sayrol Clols, Josep Maria"]
[Result "1/2-1/2"]
[WhiteElo "1963"]
[BlackElo "2111"]
[PlyCount "103"]
[EventDate "2013.09.02"]
[EventRounds "9"]
[EventCountry "ESP"]

1. Nf3 c5 2. g3 Nc6 3. Bg2 e5 4. e4 Nf6 5. d3 Be7 6. O-O d5 7. Nbd2 O-O 8. c3
Re8 9. Re1 dxe4 10. Nxe4 Bf5 11. Qe2 c4 12. Nxf6+ Bxf6 13. dxc4 Bd3 14. Qe3 e4
15. Nd2 Bg5 16. f4 exf3 17. Qxe8+ Qxe8 18. Rxe8+ Rxe8 19. Nxf3 Bxc1 20. Rxc1
Bxc4 21. b3 Bd5 22. c4 Bxf3 23. Bxf3 Nd4 24. Rf1 Nxf3+ 25. Rxf3 Re2 26. Rd3 Kf8
27. Rd7 Re7 28. Rd8+ Re8 29. Rd2 f6 30. Kf2 Kf7 31. c5 Re7 32. b4 Kg6 33. Rc2
Rd7 34. Ke3 Kf5 35. c6 bxc6 36. Rc5+ Ke6 37. Rxc6+ Kd5 38. Rc5+ Kd6 39. Kd4 Re7
40. Rc2 f5 41. a4 Re4+ 42. Kc3 h5 43. Rd2+ Kc6 44. Rd8 h4 45. Rf8 hxg3 46. hxg3
Re3+ 47. Kc4 Re4+ 48. Kc3 Re3+ 49. Kd4 Rxg3 50. Rxf5 Rg4+ 51. Kc3 Rg3+ 52. Kc4
1/2-1/2

[Event "VI Obert Internacional Ciutat de Sabadel"]
[Site "Sabadell"]
[Date "2013.09.04"]
[Round "3"]
[White "Grau Pacheco, Marc"]
[Black "Flores De Paco, David"]
[Result "1-0"]
[WhiteElo "2006"]
[BlackElo "1998"]
[PlyCount "47"]
[EventDate "2013.09.02"]
[EventRounds "9"]
[EventCountry "ESP"]

1. e4 c5 2. d4 cxd4 3. c3 dxc3 4. Nxc3 Nc6 5. Bc4 a6 6. Nf3 e6 7. O-O b5 8. Bb3
Bb7 9. Bf4 Nge7 10. Bd6 Ng6 11. Bxf8 Nxf8 12. e5 Ne7 13. Ng5 Nfg6 14. Qh5 Qc7
15. f4 Qc5+ 16. Kh1 Nf5 17. Nxf7 Bxg2+ 18. Kxg2 Nfh4+ 19. Kh1 Kxf7 20. f5 Qc6+
21. Bd5 exd5 22. fxg6+ Kg8 23. gxh7+ Rxh7 24. Qf7+ 1-0

[Event "VI Obert Internacional Ciutat de Sabadel"]
[Site "Sabadell"]
[Date "2013.09.05"]
[Round "4"]
[White "Movsziszian, Karen"]
[Black "Munoz Pantoja, Miguel"]
[Result "1/2-1/2"]
[WhiteElo "2503"]
[BlackElo "2457"]
[PlyCount "125"]
[EventDate "2013.09.02"]
[EventRounds "9"]
[EventCountry "ESP"]

1. g3 c5 2. Bg2 Nc6 3. d3 g6 4. f4 Bg7 5. Nf3 d6 6. O-O e5 7. fxe5 dxe5 8. Be3
Qe7 9. Nc3 Nf6 10. Bg5 h6 11. Nd5 Qd8 12. Bxf6 Bxf6 13. Nxf6+ Qxf6 14. Nd4 Qd6
15. Nxc6 bxc6 16. Qd2 Kf8 17. Rf2 Kg7 18. Raf1 Rf8 19. Rf6 Qd4+ 20. e3 Qxb2 21.
Rxc6 Bb7 22. Rxc5 Bxg2 23. Qxg2 Qxa2 24. Qe4 Rae8 25. Rxe5 Rxe5 26. Qxe5+ Kg8
27. c4 a5 28. c5 Qc2 29. d4 a4 30. Qd5 a3 31. Rf2 Qc1+ 32. Kg2 Qxe3 33. c6 Qc3
34. Qe4 Qc4 35. Rc2 Qb3 36. c7 Rc8 37. Qe2 Qd5+ 38. Qf3 Qxd4 39. Qc6 Qa7 40.
Qd7 Qb7+ 41. Kh3 a2 42. Rxa2 Qxc7 43. Qxc7 Rxc7 44. Kg2 Kg7 45. h4 h5 46. Ra6
Rc4 47. Kf3 f5 48. Ra7+ Kh6 49. Rb7 Rg4 50. Rf7 Ra4 51. Rb7 Ra1 52. Rc7 Ra6 53.
Kf4 Ra8 54. Rb7 Rg8 55. Ke5 Re8+ 56. Kf4 Re1 57. Kf3 Re8 58. Kf4 Rc8 59. Ra7
Rf8 60. Rb7 Rg8 61. Ke5 Rh8 62. Ra7 Rg8 63. Rb7 1/2-1/2

[Event "VI Obert Internacional Ciutat de Sabadel"]
[Site "Sabadell"]
[Date "2013.09.05"]
[Round "4"]
[White "Pulvett, Daniel"]
[Black "Rojas Keim, Luis"]
[Result "1-0"]
[WhiteElo "2441"]
[BlackElo "2408"]
[PlyCount "63"]
[EventDate "2013.09.02"]
[EventRounds "9"]
[EventCountry "ESP"]

1. d4 Nf6 2. c4 e6 3. Nf3 c5 4. d5 b5 5. Bg5 b4 6. e4 d6 7. Nbd2 Be7 8. a3 Nxd5
9. cxd5 Bxg5 10. Bb5+ Bd7 11. Bxd7+ Nxd7 12. dxe6 fxe6 13. Nc4 Be7 14. Nxd6+
Bxd6 15. Qxd6 Qb6 16. Qf4 bxa3 17. bxa3 Qa5+ 18. Nd2 Qa6 19. Rc1 Qd3 20. Nc4
Rf8 21. Nd6+ Kd8 22. Qg3 Qxg3 23. hxg3 Rb8 24. Rxh7 Rb2 25. f4 Rxg2 26. Rxg7
Rxf4 27. Nb7+ Ke8 28. Rxd7 Rg1+ 29. Kd2 Rf2+ 30. Ke3 Rxc1 31. Rd8+ Ke7 32. Kxf2
1-0

[Event "VI Obert Internacional Ciutat de Sabadel"]
[Site "Sabadell"]
[Date "2013.09.05"]
[Round "4"]
[White "Gonzalez Perez, Arian"]
[Black "Kjartansson, Gudmundur"]
[Result "1/2-1/2"]
[WhiteElo "2466"]
[BlackElo "2434"]
[PlyCount "148"]
[EventDate "2013.09.02"]
[EventRounds "9"]
[EventCountry "ESP"]

1. e4 d6 2. d4 Nf6 3. Nc3 g6 4. Be3 c6 5. Qd2 Nbd7 6. Nf3 Qc7 7. O-O-O e5 8. h4
b5 9. h5 Nxh5 10. dxe5 dxe5 11. g4 Nhf6 12. Ng5 Bg7 13. f3 h6 14. Nh3 a6 15.
Nf2 Bb7 16. Bxh6 Bxh6 17. Rxh6 Rxh6 18. Qxh6 Rd8 19. g5 Nh5 20. Ng4 Ke7 21. Ne3
Qb6 22. Nf5+ gxf5 23. exf5 Ndf6 24. gxf6+ Nxf6 25. Re1 Qd4 26. Bd3 b4 27. Nd1
c5 28. Qh2 Kd6 29. Ne3 Qf4 30. Qxf4 exf4 31. Nc4+ Kc7 32. Ne5 Re8 33. Kd2 a5
34. Nxf7 Rxe1 35. Kxe1 Bxf3 36. Ng5 Bd5 37. b3 Kd6 38. Ke2 Ke5 39. Nf3+ Kd6 40.
Nh4 Ng4 41. Ng6 f3+ 42. Kf1 Ne3+ 43. Kf2 Nd1+ 44. Kg3 f2 45. Nf4 Bf7 46. Nh3
Nc3 47. Nxf2 Bd5 48. Kf4 Nxa2 49. Kg5 Nc3 50. Kf6 a4 51. bxa4 c4 52. Bf1 Nxa4
53. Kg7 Nc5 54. f6 Ne6+ 55. Kg6 Nd4 56. Kg7 Nf5+ 57. Kg6 Ne3 58. Bh3 Nxc2 59.
Bg2 Nd4 60. Bxd5 Kxd5 61. f7 Ne6 62. Kf6 Nf8 63. Ke7 Nh7 64. Ng4 b3 65. Nf6+
Kd4 66. Nxh7 b2 67. f8=Q b1=Q 68. Qf6+ Ke3 69. Ng5 Qb7+ 70. Kf8 Qc8+ 71. Kg7
Qb7+ 72. Kg8 Qb8+ 73. Kh7 Qb7+ 74. Kg6 Qb1+ 1/2-1/2

[Event "Sabadell"]
[Site "Sabadell"]
[Date "2013.09.05"]
[Round "4"]
[White "Moreno Ruiz, Javier"]
[Black "Jerez Perez, Alfonso"]
[Result "1/2-1/2"]
[WhiteElo "2469"]
[BlackElo "2376"]
[PlyCount "71"]
[EventDate "2013.09.02"]
[EventRounds "9"]
[EventCountry "ESP"]

1. d4 Nf6 2. c4 g6 3. Nc3 d5 4. cxd5 Nxd5 5. e4 Nxc3 6. bxc3 Bg7 7. Nf3 c5 8.
Be3 O-O 9. Be2 Qa5 10. Nd2 cxd4 11. cxd4 Nc6 12. O-O Rd8 13. Nc4 Qc7 14. d5 e6
15. Rc1 Qe7 16. Qd2 exd5 17. exd5 Be6 18. Bf3 Rac8 19. Rfd1 Bf5 20. Bg5 Bf6 21.
Bxf6 Qxf6 22. Qe3 Nb4 23. Qxa7 Nd3 24. Rc2 Nb4 25. Rcc1 Nd3 26. Rc2 Ne5 27.
Nxe5 Rxc2 28. Qe3 Kg7 29. g4 Bc8 30. g5 Qd6 31. Qd4 Qc5 32. Qh4 Rc1 33. Rxc1
Qxc1+ 34. Kg2 Rf8 35. Nc4 f6 36. Ne3 1/2-1/2

[Event "VI Obert Internacional Ciutat de Sabadel"]
[Site "Sabadell"]
[Date "2013.09.05"]
[Round "4"]
[White "Diaz Velandia, Jose Manuel"]
[Black "Lorenzo De La Riva, Lazaro"]
[Result "0-1"]
[WhiteElo "2317"]
[BlackElo "2427"]
[PlyCount "74"]
[EventDate "2013.09.02"]
[EventRounds "9"]
[EventCountry "ESP"]

1. d4 Nf6 2. Nf3 b6 3. e3 Bb7 4. Bd3 e6 5. O-O c5 6. Nbd2 Be7 7. c3 d6 8. e4
Nbd7 9. Re1 Qc7 10. Nf1 O-O 11. Ng3 Rfe8 12. h4 e5 13. Bg5 Bf8 14. Rc1 a6 15.
Nh2 h6 16. Bd2 d5 17. exd5 Nxd5 18. Bb1 N5f6 19. Nf5 exd4 20. cxd4 Rxe1+ 21.
Bxe1 g6 22. Ne3 Rd8 23. Qb3 Kg7 24. h5 Nxh5 25. dxc5 bxc5 26. Nhg4 Nhf6 27.
Nxh6 Ne5 28. Bc3 Kxh6 29. Bxe5 Qxe5 30. Qxf7 Qg5 31. Qxb7 Nd5 32. Qb3 c4 33.
Rxc4 Nxe3 34. fxe3 Rd2 35. Be4 Bc5 36. Rc3 Qg3 37. Rd3 Re2 0-1

[Event "VI Obert Internacional Ciutat de Sabadel"]
[Site "Sabadell"]
[Date "2013.09.05"]
[Round "4"]
[White "Ortin Caballe, Juan Jose"]
[Black "Valdes Romero, Leonardo"]
[Result "0-1"]
[WhiteElo "1955"]
[BlackElo "2427"]
[PlyCount "72"]
[EventDate "2013.09.02"]
[EventRounds "9"]
[EventCountry "ESP"]

1. e4 d6 2. d4 Nf6 3. Nc3 g6 4. Nf3 Bg7 5. h3 O-O 6. Be3 c6 7. a4 Qc7 8. Be2
Nbd7 9. Nd2 e5 10. dxe5 Nxe5 11. f4 Ned7 12. O-O b6 13. Qe1 Bb7 14. Qh4 Rae8
15. Rae1 a6 16. Bd3 b5 17. axb5 axb5 18. f5 b4 19. Nd1 d5 20. Bg5 c5 21. exd5
Rxe1 22. Rxe1 Nxd5 23. Nc4 N7f6 24. Nde3 Nxe3 25. Nxe3 Qc6 26. Bc4 Re8 27. Re2
Ba6 28. Qe1 Bxc4 29. Nxc4 Rxe2 30. Qxe2 Ne4 31. Bf4 gxf5 32. Kh2 Qe6 33. b3 Bd4
34. Nd2 Be5 35. Bxe5 Qxe5+ 36. Kg1 Qd4+ 0-1

[Event "VI Obert Internacional Ciutat de Sabadel"]
[Site "Sabadell"]
[Date "2013.09.05"]
[Round "4"]
[White "Gascon, Jose Rafael"]
[Black "Aryan, Chopra"]
[Result "0-1"]
[WhiteElo "2268"]
[BlackElo "2189"]
[PlyCount "70"]
[EventDate "2013.09.02"]
[EventRounds "9"]
[EventCountry "ESP"]

1. e4 c5 2. Nf3 d6 3. d4 cxd4 4. Nxd4 Nf6 5. Nc3 a6 6. Be3 e5 7. Nde2 Be7 8.
Ng3 h5 9. Be2 h4 10. Nh5 Nxh5 11. Bxh5 Be6 12. Bg4 Nd7 13. Bxe6 fxe6 14. Qg4
Kf7 15. f4 Nf6 16. Qf3 b5 17. f5 exf5 18. Qxf5 Qc8 19. Rf1 Qxf5 20. Rxf5 Ke6
21. Rg5 b4 22. Nd5 Nxd5 23. exd5+ Kxd5 24. Rxg7 Ke6 25. Rg6+ Kf5 26. Rg7 Ke6
27. Bf2 Rag8 28. Rxg8 Rxg8 29. g3 h3 30. a3 Rc8 31. Kd1 b3 32. cxb3 Bg5 33. Be1
d5 34. Bd2 Rf8 35. Be1 d4 0-1

[Event "VI Obert Internacional Ciutat de Sabadel"]
[Site "Sabadell"]
[Date "2013.09.05"]
[Round "4"]
[White "Nadal Fajardo, Ricard"]
[Black "Vidarte Morales, Arturo"]
[Result "0-1"]
[WhiteElo "1962"]
[BlackElo "2337"]
[PlyCount "66"]
[EventDate "2013.09.02"]
[EventRounds "9"]
[EventCountry "ESP"]

1. d4 Nf6 2. c4 e6 3. Nf3 d5 4. e3 Be7 5. Be2 O-O 6. O-O c5 7. Nc3 cxd4 8. exd4
dxc4 9. Bxc4 Nc6 10. Re1 b6 11. Bf1 Bb7 12. Bf4 Rc8 13. Rc1 Nb4 14. a3 Nbd5 15.
Nxd5 Qxd5 16. Qd3 Qa2 17. b4 a5 18. Re2 Qd5 19. Rxc8 Rxc8 20. b5 a4 21. Rb2 Qf5
22. Qxf5 exf5 23. Bg5 Rc3 24. Ne5 Bd5 25. Bxf6 Bxf6 26. Rb4 Bb3 27. Nc6 Kf8 28.
h3 Be7 29. Nxe7 Kxe7 30. Be2 Rc1+ 31. Kh2 Kd6 32. Kg3 g5 33. Bh5 Ra1 0-1

[Event "VI Obert Internacional Ciutat de Sabadel"]
[Site "Sabadell"]
[Date "2013.09.05"]
[Round "4"]
[White "Valencia Jimenez, Jose"]
[Black "Salagran Ferragut, Guillem"]
[Result "1/2-1/2"]
[WhiteElo "2126"]
[BlackElo "1995"]
[PlyCount "107"]
[EventDate "2013.09.02"]
[EventRounds "9"]
[EventCountry "ESP"]

1. d4 Nf6 2. c4 e6 3. Nf3 b6 4. g3 Ba6 5. Qc2 Bb4+ 6. Bd2 Be7 7. Bg2 c6 8. c5
O-O 9. b4 d5 10. Nc3 Nfd7 11. Bf4 Bf6 12. Bd6 Re8 13. O-O bxc5 14. bxc5 e5 15.
dxe5 Nxe5 16. Nxe5 Bxe5 17. Bxe5 Rxe5 18. Rfd1 Qe7 19. e4 Qxc5 20. Qd2 Nd7 21.
exd5 cxd5 22. Nxd5 Re2 23. Qf4 Rae8 24. Rac1 Qa5 25. Ne3 Nf6 26. Bc6 Rf8 27.
Nf5 Re5 28. Nd4 Rc5 29. Rxc5 Qxc5 30. Nf5 Bc8 31. Nh6+ Kh8 32. Bf3 Be6 33. a4
Qc2 34. Qd6 Re8 35. Bc6 Ne4 36. Bxe4 Qxe4 37. Qe7 Qa8 38. Nxf7+ Kg8 39. Rd8
Qxd8 40. Qxd8 Rxd8 41. Nxd8 Bd7 (41... Bd5 $19) 42. a5 Kf8 43. f4 Ke7 44. Nb7
Bc6 45. Nc5 Kd6 46. Nd3 Be4 47. Ne5 Kc5 48. Kf2 Kb5 49. Ke3 Bb1 50. g4 Kxa5 51.
Kd4 Kb5 52. Nc4 Kb4 53. f5 a5 54. Nxa5 1/2-1/2

[Event "VI Obert Internacional Ciutat de Sabadel"]
[Site "Sabadell"]
[Date "2013.09.05"]
[Round "4"]
[White "Espinoza Palomino, Willyam"]
[Black "Ridameya Tatche, Jose Miguel"]
[Result "1-0"]
[WhiteElo "2355"]
[BlackElo "2007"]
[PlyCount "77"]
[EventDate "2013.09.02"]
[EventRounds "9"]
[EventCountry "ESP"]

1. e4 e5 2. Nf3 Nc6 3. Bb5 a6 4. Ba4 Nf6 5. O-O Be7 6. Re1 b5 7. Bb3 Bb7 8. d3
d6 9. a3 O-O 10. Nbd2 Na5 11. Ba2 c5 12. Nf1 Bc8 13. Ng3 Be6 14. Bb1 Re8 15.
Ng5 Bf8 16. Nxe6 fxe6 17. c3 Nc6 18. f4 Ra7 19. f5 exf5 20. Nxf5 Kh8 21. Bg5
Ne7 22. Ng3 Neg8 23. Ba2 Be7 24. Nf5 Rf8 25. Rf1 h6 26. Be3 Ra8 27. Qf3 Qd7 28.
Qg3 Ne8 29. Qg6 Rf6 30. Qg4 g6 31. Qg3 Ng7 32. Nxh6 Nxh6 33. Bxh6 Raf8 34. Rxf6
Rxf6 35. Bg5 Nh5 36. Bxf6+ Nxf6 37. Qxg6 c4 38. Rf1 Ng4 39. Rf7 1-0

[Event "VI Obert Internacional Ciutat de Sabadel"]
[Site "Sabadell"]
[Date "2013.09.05"]
[Round "4"]
[White "Pozanco Romasanta, Marc"]
[Black "Gomez Jurado, Luis Alberto"]
[Result "0-1"]
[WhiteElo "2067"]
[BlackElo "2316"]
[PlyCount "78"]
[EventDate "2013.09.02"]
[EventRounds "9"]
[EventCountry "ESP"]

1. d4 Nf6 2. c4 c5 3. d5 b5 4. cxb5 a6 5. b6 d6 6. Nc3 Nbd7 7. e4 Nxb6 8. Qc2
g6 9. Nf3 Bg7 10. Be2 O-O 11. O-O Ne8 12. Bf4 Nc7 13. Rfd1 Bg4 14. h3 Bxf3 15.
Bxf3 Nb5 16. Ne2 Nd7 17. a4 Nc7 18. Nc3 Rb8 19. Rab1 f5 20. exf5 Rxf5 21. g3
Rb4 22. Be4 Rf7 23. Ne2 Ne5 24. b3 Qd7 25. Bd2 Rxe4 26. Qxe4 Qxh3 27. Bf4 Ng4
28. Qg2 Qxg2+ 29. Kxg2 g5 30. b4 gxf4 31. Nxf4 Bd4 32. b5 axb5 33. axb5 Rf8 34.
b6 Na6 35. Rd2 Rb8 36. b7 Nf6 37. Ra2 Nc7 38. Ne6 Nfxd5 39. Nxd4 Nc3 0-1

[Event "VI Obert Internacional Ciutat de Sabadel"]
[Site "Sabadell"]
[Date "2013.09.05"]
[Round "4"]
[White "Uran Bermudez, Oliver Kevin"]
[Black "Saez Coma, Alejandro"]
[Result "0-1"]
[WhiteElo "2092"]
[BlackElo "2017"]
[PlyCount "126"]
[EventDate "2013.09.02"]
[EventRounds "9"]
[EventCountry "ESP"]

1. e4 c5 2. Nf3 Nc6 3. d4 cxd4 4. Nxd4 g6 5. c4 Bg7 6. Be3 d6 7. Nc3 Nf6 8. Be2
O-O 9. O-O Bd7 10. Kh1 Nxd4 11. Bxd4 Bc6 12. Bf3 a5 13. g3 Nd7 14. Bxg7 Kxg7
15. Bg2 Qb6 16. Qe2 a4 17. f4 a3 18. b3 Qb4 19. Rac1 Ra5 20. Nd5 Bxd5 21. exd5
Re8 22. Bh3 Nc5 23. f5 f6 24. fxg6 hxg6 25. Rf3 b5 26. Rcf1 Raa8 27. Re3 Ra7
28. Rf4 bxc4 29. Rxc4 Qb7 30. b4 Na4 31. Rxa3 Nb6 32. Rxa7 Qxa7 33. Rd4 Nd7 34.
Bxd7 Qxd7 35. Re4 Qb7 36. Qd2 e5 37. Rh4 g5 38. Rc4 Qb5 39. Qd3 Re7 40. h4 e4
41. Qd4 gxh4 42. gxh4 e3 43. Qg4+ Kf8 44. Rc8+ Re8 45. Rxe8+ Qxe8 46. Qe2 Qe4+
47. Kg1 Qxb4 48. Qxe3 Qb1+ 49. Kg2 Qxa2+ 50. Kg3 Qxd5 51. Qh6+ Ke7 52. Qh7+ Qf7
53. Qe4+ Kf8 54. Kg4 Kg7 55. h5 d5 56. Qg2 Qe6+ 57. Kh4+ Kf8 58. Qd2 Qe4+ 59.
Kg3 Qe5+ 60. Kg4 f5+ 61. Kg5 Kf7 62. Qc2 Qg7+ 63. Kf4 Qg4+ 0-1

[Event "VI Obert Internacional Ciutat de Sabadel"]
[Site "Sabadell"]
[Date "2013.09.05"]
[Round "4"]
[White "Prats Rodriguez, Juan Bosco"]
[Black "Grau Pacheco, Marc"]
[Result "1-0"]
[WhiteElo "2074"]
[BlackElo "2006"]
[PlyCount "66"]
[EventDate "2013.09.02"]
[EventRounds "9"]
[EventCountry "ESP"]

1. e4 c6 2. d4 d5 3. e5 Bf5 4. Nc3 e6 5. g4 Bg6 6. Nge2 Nd7 7. h4 h6 8. Be3 Ne7
9. Ng3 Qa5 10. Qd2 O-O-O 11. a3 c5 12. f4 Nc6 13. Nge2 Nb6 14. b3 Nb4 15. f5
exf5 16. gxf5 Bxf5 17. Bh3 Bxh3 18. Rxh3 cxd4 19. Nxd4 Nc6 20. Bf4 Nxd4 21.
Qxd4 Bc5 22. Qd1 d4 23. b4 Bxb4 24. axb4 Qxb4 25. Rb1 Qe7 26. Nb5 Qe6 27. Rd3
Qd5 28. Nxa7+ Kb8 29. Rxb6 Qh1+ 30. Kd2 Qxd1+ 31. Kxd1 Kxa7 32. Rb4 Rhe8 33.
Ra3+ Kb8 1-0